[Event "SVK-ch U10"]
[Site "Liptovsky Mikulas"]
[Date "2019.04.30"]
[Round "9"]
[White "Elias, Simon"]
[Black "Pokusa, Branislav Anton"]
[Result "1-0"]
[WhiteElo "1107"]
[BlackElo "1000"]
[PlyCount "61"]
[EventDate "2019.04.23"]
[EventType "swiss"]
[EventRounds "9"]
[EventCountry "SVK"]
[SourceTitle "CBM 190 Extra"]
[Source "ChessBase"]
[SourceDate "2019.07.15"]
[SourceVersion "1"]
[SourceVersionDate "2019.07.15"]
[SourceQuality "1"]

1. e4 e5 2. Nf3 Nc6 3. Bb5 Nf6 4. Nc3 Bb4 5. Bxc6 dxc6 6. 0-0 g5 7. a3 g4 8. axb4 gxf3 9. Qxf3 Ke7 10. d3 Qg8 11. Qg3 Nxe4 12. Nxe4 Bg4 13. Bg5+ Kf8 14. Qxg4 h5 15. Qg3 f5 16. Bh6+ Rxh6 17. Qxg8+ Kxg8 18. Nc5 b6 19. Nd7 b5 20. Nxe5 Kh8 21. Nf7+ Kh7 22. Nxh6 Kxh6 23. h3 h4 24. Rfe1 Kg5 25. Re7 Rg8 26. Rxc7 Kg6 27. Rxc6+ Kg5 28. Rxa7 Rg6 29. Rxg6+ Kxg6 30. Rb7 Kf6 31. Rxb5 1-0

[Event "SVK-ch U10"]
[Site "Liptovsky Mikulas"]
[Date "2019.04.23"]
[Round "1"]
[White "Sahidi, Sear"]
[Black "Pokusa, Branislav Anton"]
[Result "1-0"]
[WhiteElo "1142"]
[BlackElo "1000"]
[PlyCount "65"]
[EventDate "2019.04.23"]
[EventType "swiss"]
[EventRounds "9"]
[EventCountry "SVK"]
[SourceTitle "CBM 190 Extra"]
[Source "ChessBase"]
[SourceDate "2019.07.15"]
[SourceVersion "1"]
[SourceVersionDate "2019.07.15"]
[SourceQuality "1"]

1. e4 e5 2. Nf3 d6 3. Nc3 Bd7 4. Bc4 Nh6 5. 0-0 Be7 6. d3 0-0 7. Bxh6 gxh6 8. Qd2 Be6 9. Bxe6 fxe6 10. Qxh6 Re8 11. Qxe6+ Kf8 12. Qh6+ Kg8 13. d4 exd4 14. Nxd4 Bf8 15. Qf4 Bg7 16. Nf5 Rf8 17. Qg4 Rxf5 18. Qxf5 Bf6 19. Qd5+ Kh8 20. Qxb7 Be7 21. Qxa8 Na6 22. Qxd8+ Bxd8 23. f4 Bf6 24. g4 Bd4+ 25. Kg2 Kg8 26. Rad1 Nc5 27. Rxd4 Ne6 28. Ra4 Nxf4+ 29. Rxf4 Kg7 30. Ra5 Kg6 31. h4 Kh6 32. Rg5 d5 33. Rf6# 1-0